00820nam a2200241 a 450000100100000000500170001000800410002702000150006804000250008308200200010824501170012826000360024530000280028165000430030965000320035270000280038470000280041270000220044070000220046270000180048470000380050271000380054000000953520200929161621.0090930s2005 dr a 000 p spa d a9945100106 aDO-SdBNPbspacBNPHU aPR861.08bH149p00aHaiku para el camino :bpoemario /cFrancisco R. Agrait-Lladó ... [et al.] ; prólogo Félix F. Rodríguez. aSanto Domingo :bBúho,c2005. a116 p. :bil. ;c22 cm. 4aPoesía puertorriqueñaxColecciones 4aLiteratura puertorriqueña1 aCofiño Robles, Ivette1 aEstrada Perdido, Yvonne1 aLatorre, Héctor1 aMartínez, Nicky1 aPaoli, Gisela1 aRodríguez, Félix F.,epról.1 aColectivo Haiku Puertorriqueño.